Anatomía con orientación clínica
Sparad:
| Huvudupphovsman: | |
|---|---|
| Övriga upphovsmän: | , |
| Materialtyp: | Bok |
| Språk: | spanska |
| Publicerad: |
Barcelona
Wolters Kluwer
2013
|
| Upplaga: | Séptima edición |
| Ämnen: | |
| Taggar: |
Lägg till en tagg
Inga taggar, Lägg till första taggen!
|
MARC
| LEADER | 00000cam a2200000 a 4500 | ||
|---|---|---|---|
| 001 | UCE2191 | ||
| 003 | CL-VaPUC | ||
| 005 | 20241217113600.0 | ||
| 008 | 140612e20130000sp |||||||||||||||||spa|d | ||
| 999 | |c 355853 |d 355851 | ||
| 020 | |a 9788415684770 | ||
| 040 | |c Pontificia Universidad Católica de Valparaíso | ||
| 082 | 0 | 4 | |a 611 MOO 2013 |2 21 |
| 100 | |a Moore, Keith L. |e autor |9 598771 | ||
| 245 | 1 | 0 | |a Anatomía con orientación clínica |
| 250 | |a Séptima edición | ||
| 260 | |a Barcelona |b Wolters Kluwer |c 2013 | ||
| 300 | |a 1133 páginas | ||
| 583 | |a last modification |c 20140612 14:08:00 |k Rodrigo Vera | ||
| 650 | 0 | |a Anatomía humana |x Anatomía regional |9 269546 | |
| 650 | 0 | |a Fisiología humana |x Cuerpo humano |9 891275 | |
| 650 | 0 | |a Medicina nuclear |9 891276 | |
| 700 | 0 | |a Dalley, Arthur F |9 574675 | |
| 700 | 0 | |a Agur, Anne M. R |9 574676 | |
| 942 | |c BK |2 ddc | ||
| 945 | |d 20140612 14:08:00 |a dcastane | ||
| 952 | |0 0 |1 0 |2 ddc |3 erd |4 0 |6 611_000000000000000_MOO_2013 |7 0 |8 A |9 462778 |a BIBCUR |b BIBCUR |i 5084040 |l 6 |m 2 |o 611 MOO 2013 |p 5084040 |r 2025-04-22 |s 2025-04-02 |t 2 |w 2019-11-23 |y BK |z Catalogado en:20140612 |k KIN | ||
| 952 | |0 0 |1 0 |2 ddc |3 erd |4 0 |6 611_000000000000000_MOO_2013 |7 0 |8 A |9 462779 |a BIBCUR |b BIBCUR |i 509173K |l 3 |o 611 MOO 2013 |p 509173K |r 2025-04-22 |s 2025-04-03 |t 3 |w 2019-11-23 |y BK |z Catalogado en:20140724 |k KIN | ||
| 952 | |0 0 |1 0 |2 ddc |3 erd |4 0 |6 611_000000000000000_MOO_2013 |7 0 |8 A |9 462780 |a BIBCUR |b BIBCUR |i 5091721 |l 9 |m 3 |o 611 MOO 2013 |p 5091721 |r 2025-04-22 |s 2025-03-20 |t 4 |w 2019-11-23 |y BK |z Catalogado en:20140724 |k KIN | ||
| 952 | |0 0 |1 0 |2 ddc |3 erd |4 0 |6 611_000000000000000_MOO_2013 |7 0 |8 A |9 462781 |a BIBCUR |b BIBCUR |i 5091713 |l 5 |o 611 MOO 2013 |p 5091713 |r 2025-05-06 |s 2025-04-29 |t 5 |w 2019-11-23 |y BK |z Catalogado en:20140724 |k KIN | ||
| 952 | |0 0 |1 0 |2 ddc |3 erd |4 0 |6 611_000000000000000_MOO_2013 |7 0 |8 A |9 462782 |a BIBEDU |b BIBEDU |i 5091896 |l 3 |o 611 MOO 2013 |p 5091896 |r 2022-07-05 |s 2022-06-30 |t 10 |w 2019-11-23 |y BK |z Catalogado en:20140724 |k EFI | ||
| 952 | |0 0 |1 0 |2 ddc |3 erd |4 0 |6 611_000000000000000_MOO_2013 |7 0 |8 A |9 462783 |a BIBEDU |b BIBEDU |i 509190K |o 611 MOO 2013 |p 509190K |r 2019-11-23 |t 11 |w 2019-11-23 |y BK |z Catalogado en:20140724 |k EFI | ||
| 952 | |0 0 |1 0 |2 ddc |3 erd |4 0 |6 611_000000000000000_MOO_2013 |7 0 |8 A |9 462784 |a BIBEDU |b BIBEDU |i 5091918 |o 611 MOO 2013 |p 5091918 |r 2019-11-23 |t 12 |w 2019-11-23 |y BK |z Catalogado en:20140724 |k EFI | ||
| 952 | |0 0 |1 0 |2 ddc |3 erd |4 0 |6 611_000000000000000_MOO_2013 |7 0 |8 A |9 462785 |a BIBCUR |b BIBCUR |i 5262232 |l 11 |m 2 |o 611 MOO 2013 |p 5262232 |r 2025-04-23 |s 2025-04-23 |t 6 |w 2019-11-23 |y BK |z Catalogado en:20160114 |k BIO | ||
| 952 | |0 0 |1 0 |2 ddc |3 erd |4 0 |6 611_000000000000000_MOO_2013 |7 0 |8 A |9 462786 |a BIBCUR |b BIBCUR |i 5262224 |l 10 |m 2 |o 611 MOO 2013 |p 5262224 |r 2025-04-22 |s 2025-04-22 |t 7 |w 2019-11-23 |y BK |z Catalogado en:20160114 |k BIO | ||
| 952 | |0 0 |1 0 |2 ddc |3 erd |4 0 |6 611_000000000000000_MOO_2013 |7 0 |8 A |9 462787 |a BIBCUR |b BIBCUR |i 5262259 |l 11 |m 2 |o 611 MOO 2013 |p 5262259 |r 2025-04-22 |s 2025-03-21 |t 8 |w 2019-11-23 |y BK |z Catalogado en:20160114 |k BIO | ||
| 952 | |0 0 |1 0 |2 ddc |3 erd |4 0 |6 611_000000000000000_MOO_2013 |7 0 |8 A |9 462788 |a BIBCUR |b BIBCUR |i 5262240 |l 15 |m 4 |o 611 MOO 2013 |p 5262240 |r 2025-04-22 |s 2025-04-10 |t 9 |w 2019-11-23 |y BK |z Catalogado en:20160114 |k BIO | ||